|
|
|
|
| LEADER |
00000nab a2200000 ar4500 |
| 001 |
vtls009465569 |
| 003 |
SK-MaSNL |
| 005 |
20260303203722.0 |
| 008 |
180907c2008 xo cr|p|||||||000 b|slo |
| 038 |
|
|
|a PPPK
|
| 040 |
|
|
|a PPPKCL
|b slo
|c PPPK
|e AACR2
|
| 041 |
0 |
|
|a slo
|
| 044 |
|
|
|a xo
|c SK
|
| 080 |
|
|
|a 353.9
|2 2001
|
| 080 |
|
|
|a 908(437.6)
|2 2001
|
| 245 |
0 |
0 |
|a Medzi divmi kraja vedú Vysoké Tatry
|c [autor] (vfc)
|
| 610 |
1 |
7 |
|a Prešovský samosprávny kraj (Slovensko).
|b Úrad
|2 pppkcl
|9 158655
|
| 648 |
|
7 |
|a 2008
|2 pppkcl
|9 317238
|
| 650 |
0 |
7 |
|a sedem divov Prešovského kraja
|x anketa
|2 pppkcl
|9 1236533
|
| 650 |
0 |
7 |
|a ankety
|2 pppkcl
|9 29502
|
| 651 |
|
7 |
|a Vysoké Tatry (Poľsko a Slovensko : pohorie)
|2 SNKPHgeo
|9 67729
|
| 651 |
|
7 |
|a Prešovský samosprávny kraj (Slovensko)
|2 pppkcl
|9 23301
|
| 773 |
0 |
|
|t Poprad : noviny občanov mesta
|g Roč. XIX, č. 82 (2008), s. 2
|
| 852 |
|
|
|a PPPK
|b KIS3GCP
|
| 999 |
|
|
|c 2186813
|d 2188743
|